| 000 | 00370nam a2200157Ia 4500 | ||
|---|---|---|---|
| 008 | 230711s9999||||xx |||||||||||||| ||und|| | ||
| 041 | _aENG | ||
| 082 |
_a800 _bGO-V |
||
| 100 | _aGoyal,Jung Bahadur | ||
| 245 | 0 | _aVishav sahit de shahkar novel | |
| 250 | _a2nd . Ed. | ||
| 260 |
_c2012 _aChandigarh _bBook Power |
||
| 300 | _a276 | ||
| 650 | _aLiterature | ||
| 942 | _cBK | ||
| 999 |
_c5429 _d5429 |
||